00810nam a2200229 a 4500001001000000003000900010005001700019007000300036008004100039040003000080082002800110100004000138245008200178264005800260300004500318336002700363337003300390338002800423650004700451650002400498650005800522000038769DO-SdBNP20250120103442.0ta130422s2001 dr a 000 0 spa d aDO-SdBNPbspacBNPHUerda a307.76097293bC958f2221 aCruz Infante, José Abigaileautor10aFragancias del recuerdo :bLa Moca del ayer /cJosé Abigaíl Cruz Infante. aSanto Domingo :bStanley Gráficas & Asocs. ,c2001. a188 páginas :bilustraciones ;c23 cm. ardacontentbtecto2txt ardamediabsin mediación2n ardacarrierbvolumen2nc 4aCiudades y puebloszRepública Dominicana 4aEnsayos dominicanos 4aMoca (República Dominicana)xDescripciones y viajes